Structural case, specifier-head relations and the case of predicate NPs

Bibliographic Details
Published in:Studies in comparative Germanic syntax, ed. by Hubert Haider, Susan Olsen and Sten Vikner, Dordrecht [etc.], 1995, p. 167-186 (Studies in natural language and linguistic theory)
Main Authors: Maling, Joan, Sprouse, Rex A.
Content type: Article
Published: 1995
Source:MPIPL_cat

MARC

LEADER 00000naa a2200000 u 4500
001 PL0064575
003 PLI01000000000000000062773
005 00000000000000.0
008 ||| u
100 1 |a Maling, Joan 
245 0 0 |a Structural case, specifier-head relations and the case of predicate NPs  |c Joan Maling and Rex Sprouse 
260 |c 1995 
700 1 |a Sprouse, Rex A. 
773 0 8 |t Studies in comparative Germanic syntax  |a ed. by Hubert Haider, Susan Olsen and Sten Vikner  |d Dordrecht [etc.], 1995  |g p. 167-186  |k Studies in natural language and linguistic theory  |w MPIPL_cat.PL0063202  |z 0-7923-3280-6  |i In: 
952 |j 1995  |h p. 167-186 
996 |a Aufsatz 
997 |a book chapter